000
00210nam a22000977a 4500
003
OSt
008
210112b ||||| |||| 00| 0 eng d
100
_a
Menon, K.P.S
_9
4802
245
_a
Delhi Chungking
942
_c
BK
999
_c
16398
_d
16398